| 000 | 00866nam a2200277 i 4500 | ||
|---|---|---|---|
| 001 | 18685 | ||
| 003 | ES-MaACL | ||
| 005 | 20230906151910.0 | ||
| 007 | t| | ||
| 008 | 020228s1983 sp a |||| | spa j | ||
| 020 | _a84-320-5685-5 | ||
| 080 | _a79(46)"1941/50" | ||
| 080 | _a308(46)"1941/50" | ||
| 100 | 1 |
_aVizcaíno Casas, Fernando. _9115612 |
|
| 245 | 1 | 0 |
_aMis episodios nacionales _b: contando los 40 / _cFernando Vizcaíno Casas. |
| 250 | _a1ª ed. | ||
| 260 |
_aBarcelona : _bPlaneta, _c1983. |
||
| 300 |
_a317 p : _bil ; _c24 cm. |
||
| 490 | 1 |
_aEspejo de España ; _v85 |
|
| 504 | _aBibliografía: p. 309-310. Índices. | ||
| 650 | 4 |
_aEspectáculos- _zEspaña- _y1939-1955. _912486 |
|
| 651 | 4 |
_aEspaña- _xSituación social- _y1939-1955. _9167678 |
|
| 830 | 0 |
_aEspejo de España ; _v85 _9177692 |
|
| 852 |
_aES-MaACL _jG-4675 |
||
| 999 |
_c18685 _d18685 |
||